| 000 | 01152cam a22003737a 4500 | ||
|---|---|---|---|
| 003 | CHAP | ||
| 005 | 20220817042516.0 | ||
| 008 | 971013s1994 r 00010 d | ||
| 010 | _a46727 | ||
| 011 | _a47699 | ||
| 035 | _a51842 | ||
| 040 | _cCHAP | ||
| 082 |
_a634.9 _bF3f v.113 |
||
| 110 | 2 | _aFAO | |
| 245 | 1 | 0 | _aConservation ex situ de pollen et de graines, et de cultures in vitro de plantes ligneuses pérennes |
| 260 |
_aRome : _bFAO, _c1994 |
||
| 300 | _a94 p. | ||
| 490 | 0 |
_aFAO. Montes _v; 113 |
|
| 590 |
_aBATCH-UPD _b10 _c20130110 _lUCH01 _h0839 |
||
| 590 |
_aBATCH-UPD _b10 _c20130410 _lUCH01 _h0517 |
||
| 590 |
_aBATCH-UPD _b10 _c20130914 _lUCH01 _h0920 |
||
| 590 |
_aCONVERSION _b10 _c20130109 _lUCH01 _h1326 |
||
| 650 | 1 | 4 |
_aCultivo de tejidos. _930213 |
| 650 | 1 | 4 |
_aPlantas leñosas. _989018 |
| 650 | 1 | 4 |
_aPolen. _990208 |
| 650 | 1 | 4 |
_aSemillas _xAlmacenamiento. _9103875 |
| 700 | 0 |
_aCharest, Pierre J. _921956 |
|
| 700 | 0 |
_aDownie, B. _934123 |
|
| 700 | 0 |
_aWang, Ben S. P. _9121006 |
|
| 830 | 0 |
_aFAO. Montes _v; 113 _939632 |
|
| 901 | _aBK | ||
| 942 | _cLIBRO | ||
| 949 |
_a634.9 F3f v.113 _bBC _cFAO _d-115814 _eFAO1 _h89608 _i51842 _si |
||
| 999 |
_c46727 _d46727 |
||